000
00267nam a2200109Ia 4500
008
220204s9999 xx 000 0 und d
082
_a
82-312.4
_b
CLA
100
_a
Clarke, Arthur C
245
0
_a
Dolphin island
260
_a
London
_b
Victor Gollancz
_c
1972
942
_c
BK
999
_c
24824
_d
24824